[Event "11th European Senior Team"]
[Site "Velden AUT"]
[Date "2009.04.09"]
[Round "5"]
[White "Klundt,K"]
[Black "Hohler,P"]
[Result "1/2-1/2"]
[WhiteElo "2347"]
[BlackElo "2207"]

1.e4 e5 2.Nf3 Nc6 3.Bb5 a6 4.Ba4 Nf6 5.O-O b5 6.Bb3 Bb7 7.Re1 Bc5 8.c3 d6
9.d4 Bb6 10.a4 h6 11.Na3 O-O 12.Be3 exd4 13.Nxd4 Nxd4 14.Bxd4 Bxd4 15.Qxd4 c5
16.Qd1 Nxe4 17.Bc2 d5 18.axb5 axb5 19.Nxb5 Rxa1 20.Qxa1 Qf6  1/2-1/2

[Event "Open"]
[Site "Lenk SUI"]
[Date "2009.04.10"]
[Round "2"]
[White "Georgiadis,N"]
[Black "Bonferroni,T"]
[Result "1-0"]
[WhiteElo "2056"]
[BlackElo "1820"]

1.e4 e5 2.Nf3 Nc6 3.Bb5 a6 4.Ba4 Nf6 5.O-O b5 6.Bb3 Bb7 7.Re1 Bc5 8.c3 d6
9.d4 Bb6 10.Bg5 h6 11.Bh4 g5 12.Bg3 Qe7 13.Nbd2 O-O 14.Nf1 Rad8 15.Ne3 Bc8
16.Nd5 Nxd5 17.exd5 Na5 18.dxe5 dxe5 19.Nxe5 Nxb3 20.axb3 Qc5 21.Nc6 Rde8
22.b4 Qc4 23.Ne5 Rxe5 24.Rxe5 Bg4 25.Qc2 f5 26.b3 Bxf2+ 27.Kxf2  1-0

[Event "ch-MGL"]
[Site "Ulan Bator MGL"]
[Date "2009.04.11"]
[Round "2"]
[White "Byambaa,Z"]
[Black "Munguntuul,B"]
[Result "1-0"]
[WhiteElo "2272"]
[BlackElo "2440"]

1.e4 e5 2.Nf3 Nc6 3.Bb5 a6 4.Ba4 Nf6 5.O-O b5 6.Bb3 Bb7 7.Re1 Bc5 8.c3 O-O
9.d4 Bb6 10.Bg5 h6 11.Bh4 d6 12.dxe5 dxe5 13.Nbd2 Qe7 14.a4 Rad8 15.axb5 axb5
16.Qe2 Rd7 17.Bxf6 Qxf6 18.Bd5 Rfd8 19.Nf1 b4 20.Ne3 bxc3 21.bxc3 Re8 22.Qb5 Rde7
23.Nf5 Re6 24.c4 Nd8 25.Bxe6 Bc6 26.Qxe5 Qxe5 27.Nxe5 fxe6 28.Nxc6 exf5 29.Nxd8 Rxd8
30.Rad1 Bd4 31.exf5 c5 32.g4 Kf7 33.Kg2 Ra8 34.Re4 Ra2 35.Rexd4 cxd4 36.Rxd4 Rc2
37.Kg3 Kf6 38.Rd6+ Ke7 39.Rg6 Kf7 40.Rc6  1-0

[Event "ch-MGL"]
[Site "Ulan Bator MGL"]
[Date "2009.04.12"]
[Round "3"]
[White "Gunbayar,M"]
[Black "Enkhsaikhan,B"]
[Result "1-0"]
[WhiteElo "2283"]
[BlackElo "2146"]

1.e4 e5 2.Nf3 Nc6 3.Bb5 a6 4.Ba4 Nf6 5.O-O b5 6.Bb3 Bb7 7.Re1 Bc5 8.c3 d6
9.d4 Bb6 10.Be3 O-O 11.d5 Ne7 12.Bxb6 cxb6 13.Nbd2 Ng6 14.Nf1 Nf4 15.a4 bxa4
16.Bxa4 Nd7 17.Ng3 Nc5 18.Bc2 Bc8 19.b4 Nd7 20.Ba4 b5 21.Bxb5 axb5 22.Rxa8 Nb6
23.Ra1 Bg4 24.h3 Bd7 25.Ne2 Ng6 26.Qd3 f5 27.Ng3 Nf4 28.Qd1 fxe4 29.Nxe4 Bc8
30.Ra5 h6 31.Rxb5 Bxh3 32.gxh3 Nc4 33.Nh2 Qd7 34.Ra5 Nxh3+ 35.Kg2 Nf4+ 36.Kh1 Nxa5
37.bxa5 Ra8 38.Qg4 Qc7 39.Rg1 Nxd5 40.Nxd6 Nf4 41.Nf5 g6 42.Nxh6+ Kh7 43.Qh4 Qb7+
44.f3 Kg7 45.Nf5+ Kg8 46.Qf6 Kh7 47.Ne7  1-0

[Event "ch-MGL"]
[Site "Ulan Bator MGL"]
[Date "2009.04.17"]
[Round "12"]
[White "Byambaa,Z"]
[Black "Enkhsaikhan,B"]
[Result "0-1"]
[WhiteElo "2272"]
[BlackElo "2146"]

1.e4 e5 2.Nf3 Nc6 3.Bb5 a6 4.Ba4 Nf6 5.O-O b5 6.Bb3 Bb7 7.Re1 Bc5 8.c3 d6
9.d4 Bb6 10.Bg5 h6 11.Bh4 Qd7 12.dxe5 Nxe5 13.Nxe5 dxe5 14.Bxf6 Qxd1 15.Rxd1 gxf6
16.Bd5 c6 17.Bb3 Rd8 18.Rxd8+ Bxd8 19.Nd2 Ke7 20.Nf1 Bb6 21.Ng3 Bc8 22.Rd1 Rg8
23.a4 Be6 24.Bxe6 fxe6 25.axb5 cxb5 26.Kf1 Rc8 27.Ne2 a5 28.Rd3 Rc4 29.Rh3 Ra4
30.g4 Ra1+ 31.Kg2 Rb1 32.Rxh6 Rxb2 33.Rh7+ Kd6 34.Kf3 a4 35.Rh8 Kc6 36.h4 Kb7
37.g5 a3 38.g6 a2 39.g7 a1=Q 40.g8=Q Qh1+ 41.Kg4 Qxe4+ 42.Kh5 Qxe2+ 43.Kh6 Qd2+
44.Kh5 Qd8 45.Qxd8 Bxd8 46.Rxd8 Kc7 47.Rd1 Rxf2  0-1

[Event "zt 3.5 Men"]
[Site "Beijing CHN"]
[Date "2009.04.21"]
[Round "5"]
[White "Yu Yangyi"]
[Black "Wen Yang"]
[Result "1/2-1/2"]
[WhiteElo "2433"]
[BlackElo "2532"]

1.e4 e5 2.Nf3 Nc6 3.Bb5 a6 4.Ba4 Nf6 5.O-O b5 6.Bb3 Bb7 7.c3 Nxe4 8.d4 Na5
9.Nxe5 Nxb3 10.Qxb3 Nd6 11.a4 Be7 12.Na3 O-O 13.Re1 Rb8 14.axb5 axb5 15.Nc2 Ba8
16.Bf4 Nf5 17.Ne3 Nxe3 18.Rxe3 d6 19.Nd3 Qd7 20.d5 Bf6 21.Nb4 Qg4 22.Bg3 h5
23.f3 Qg5 24.Rae1 h4 25.Bf2 h3 26.g3 Bb7 27.Qd1 Bc8 28.Re8 Bd7 29.Rxb8 Rxb8
30.Bd4 Kf8 31.Kf2 Re8 32.Rxe8+ Bxe8 33.Bxf6 Qxf6 34.Qd4 Qf5 35.Qe4 Qg5 36.Qe3 Qf5
37.Qd3 Qg5 38.Qe3 Qf5 39.Qe4 Qg5 40.Qe3  1/2-1/2

[Event "zt 3.5 Men"]
[Site "Beijing CHN"]
[Date "2009.04.25"]
[Round "8"]
[White "Gao Rui"]
[Black "Wen Yang"]
[Result "0-1"]
[WhiteElo "2500"]
[BlackElo "2532"]

1.e4 e5 2.Nf3 Nc6 3.Bb5 a6 4.Ba4 Nf6 5.O-O b5 6.Bb3 Bb7 7.d3 Be7 8.Re1 O-O
9.Nc3 d6 10.a4 Na5 11.Ba2 b4 12.Ne2 c5 13.Bd2 Rb8 14.Ng3 Bc8 15.h3 Be6 16.Bxe6 fxe6
17.c3 bxc3 18.bxc3 Nb3 19.Rb1 c4 20.dxc4 Nxd2 21.Qxd2 Nd7 22.Rb4 Nc5 23.Reb1 Rc8
24.Qc2 Qe8 25.Rb6 Qd7 26.Qd1 Rc7 27.R1b4 Qc8 28.Qb1 Nd7 29.Rb7 Bd8 30.Rxc7 Bxc7
31.c5 Nxc5 32.Rc4 Bd8 33.Qd1 Be7 34.Ne1 a5 35.Nf1 Qa6 36.Ne3 Qb7 37.Nd3 Nxe4
38.Qg4 Ng5 39.h4 Qb1+ 40.Qd1 Qxd1+ 41.Nxd1 Nf7 42.g3 Rb8 43.Ne3 g5 44.hxg5 Bxg5
45.f4 exf4 46.gxf4 Bd8 47.Kg2 Bb6 48.Kf3 Nd8 49.Re4 d5 50.Re5 Rc8 51.f5 Nf7
52.Rxe6 Ng5+ 53.Kf4 Nxe6+ 54.fxe6 Bxe3+ 55.Kxe3 Kf8 56.Kd4 Ke7 57.Nf4 Rc4+
58.Ke5 Rxf4  0-1

[Event "NK Jeugd A"]
[Site "Venlo NED"]
[Date "2009.04.30"]
[Round "7"]
[White "Van Kampen,R"]
[Black "Pruijssers,R"]
[Result "1-0"]
[WhiteElo "2348"]
[BlackElo "2442"]

1.e4 e5 2.Nf3 Nc6 3.Bb5 a6 4.Ba4 Nf6 5.O-O b5 6.Bb3 Bb7 7.Re1 Bc5 8.c3 d6
9.d4 Bb6 10.Be3 O-O 11.Nbd2 Re8 12.d5 Ne7 13.Bxb6 cxb6 14.a4 bxa4 15.Bxa4 b5
16.Bc2 Qb6 17.c4 Rec8 18.Bd3 b4 19.Qa4 Rc7 20.Qa5 Nc8 21.Nb3 Nd7 22.Nfd2 Qxa5
23.Rxa5 Ncb6 24.Rc1 Rac8 25.Bf1 Nc5 26.Na1 Nca4 27.b3 Nc3 28.Nc2 Rc5 29.Rca1 Rxa5
30.Rxa5 Rc5 31.Ra1 a5 32.Ne1 a4 33.Nd3 Rc7 34.Nxb4 axb3 35.Ra3 Nxc4 36.Nxc4  1-0

[Event "2nd Mayors Cup"]
[Site "Mumbai IND"]
[Date "2009.05.04"]
[Round "5"]
[White "Zinchenko,Ya"]
[Black "Sharma,Di"]
[Result "1-0"]
[WhiteElo "2531"]
[BlackElo "2382"]

1.e4 e5 2.Nf3 Nc6 3.Bb5 a6 4.Ba4 Nf6 5.O-O b5 6.Bb3 Bb7 7.c3 Nxe4 8.d4 Na5
9.Bc2 exd4 10.Nxd4 d5 11.f3 c5 12.fxe4 cxd4 13.exd5 Bxd5 14.Re1+ Be7 15.cxd4 Kf8
16.Nc3 Bf6 17.Nxd5 Qxd5 18.Be4 Qxd4+ 19.Be3 Qxd1 20.Raxd1 Rc8 21.b4 Nc4 22.Bc5+ Kg8
23.Bb7 Rb8 24.Ba7 Rf8 25.Bxa6 Bc3 26.Re4 Nd2 27.Re2 Bxb4 28.Bxb5 h5 29.Rdxd2  1-0

[Event "Copenhagen Chess Challenge"]
[Site "Ballerup DEN"]
[Date "2009.05.08"]
[Round "4"]
[White "Rhee,A"]
[Black "Christensen,Ca"]
[Result "1-0"]
[WhiteElo "2115"]
[BlackElo "1793"]

1.e4 e5 2.Nf3 Nc6 3.Bb5 a6 4.Ba4 Nf6 5.O-O b5 6.Bb3 Bb7 7.d3 Be7 8.a4 O-O
9.Re1 d6 10.Nc3 Na7 11.axb5 Nxb5 12.Ne2 Nd7 13.c3 Nc5 14.Bc4 Re8 15.b4 Ne6
16.Qb3 Bf6 17.h3 c6 18.Ng3 Nbc7 19.Qa2 d5 20.Bb3 Nf4 21.Qb1 Nb5 22.c4 Nc3
23.Qc2 d4 24.Bd2 a5 25.bxa5 Rxa5 26.Kh2 Rxa1 27.Rxa1 Qb6 28.Nxd4 Qxd4 29.Bxc3 Qxd3
30.Qb2 Qd6 31.Nf5 Qb8 32.c5 Nd3 33.Qa2 Rf8 34.Bxf7+ Rxf7 35.Nd6 Qc7 36.Qc4 Nxf2
37.Ra7 Ba6 38.Rxa6  1-0

[Event "Mitropa Cup"]
[Site "Rogaska Slatina SLO"]
[Date "2009.05.15"]
[Round "7"]
[White "Brunello,S"]
[Black "Lenic,L"]
[Result "1-0"]
[WhiteElo "2477"]
[BlackElo "2574"]

1.e4 e5 2.Nf3 Nc6 3.Bb5 a6 4.Ba4 Nf6 5.O-O b5 6.Bb3 Bb7 7.d3 Be7 8.Nc3 O-O
9.Bd2 d6 10.a4 Nd4 11.Nxd4 exd4 12.Ne2 c5 13.Ng3 d5 14.e5 Ne8 15.c3 dxc3
16.bxc3 f5 17.exf6 Nxf6 18.Re1 Rf7 19.d4 bxa4 20.Bxa4 Qc7 21.Rb1 Bc8 22.dxc5 Bg4
23.f3 Bxc5+ 24.Be3 Bd7 25.Bxd7 Rxd7 26.Nf5 Re8 27.Qd3 Rdd8 28.g4 Bxe3+ 29.Rxe3 Rxe3
30.Qxe3 Re8 31.Qd4 Qd7 32.Kf2 Qc7 33.Kg1 Qd7 34.Rb6 Re6 35.Rb8+ Re8 36.Rb2 a5
37.Ra2 Qb5 38.Kf2 Qb8 39.Kg2 Qc7 40.Ng3 h6 41.h4 Kf8 42.g5 hxg5 43.hxg5 Nd7
44.Qxd5 Nc5 45.Ne4 Re5 46.Qa8+ Re8 47.Nxc5 Qxc5 48.Qxa5 Re2+ 49.Kh3 Qc8+
50.Kg3 Rxa2 51.Qxa2 Qxc3 52.Qe6 Qd4 53.Qe4 Qg1+ 54.Kf4 Qc1+ 55.Kg4 Qg1+ 56.Kh5 Qh2+
57.Qh4 g6+ 58.Kg4 Qc2 59.Qh8+ Kf7 60.Qf6+ Kg8 61.Qe6+ Kg7 62.Qd7+ Kg8 63.Qd5+ Kg7
64.Qd7+ Kg8 65.Kg3 Kf8 66.Qd4 Kg8 67.f4 Qb1 68.Qc4+ Kg7 69.Kf3 Qh1+ 70.Ke3 Qe1+
71.Kd4 Qd2+ 72.Ke4 Qe1+ 73.Kd5 Qa5+ 74.Kc6 Qa8+ 75.Kd7 Qb7+ 76.Qc7 Qb1 77.Ke6+ Kg8
78.Qd8+ Kg7 79.Qd7+ Kh8 80.Kf7 Qa2+ 81.Kf6 Qa6+ 82.Qe6 Qa1+ 83.Qe5  1-0

[Event "VI Moncada Open"]
[Site "Santiago de Cuba CUB"]
[Date "2009.05.18"]
[Round "3"]
[White "Guerra Mendez,J"]
[Black "Quezada,L"]
[Result "1-0"]
[WhiteElo "2411"]
[BlackElo "2331"]

1.e4 e5 2.Nf3 Nc6 3.Bb5 a6 4.Ba4 Nf6 5.O-O b5 6.Bb3 Bb7 7.d3 Be7 8.Nc3 O-O
9.a3 d6 10.Re1 Nd7 11.Nd5 Nc5 12.Ba2 Ne6 13.c3 Nb8 14.d4 Nd7 15.Be3 Re8 16.Qc2 Bf8
17.Rad1 Qc8 18.dxe5 dxe5 19.a4 h6 20.a5 c5 21.Re2 c4 22.b3 Bxd5 23.Rxd5 Nf4
24.Bxf4 exf4 25.bxc4 b4 26.e5 b3 27.Bxb3 Nc5 28.Ba2 Rb8 29.h3 Qb7 30.Qf5 Ne6
31.Red2 g6 32.Qc2 Nc5 33.h4 h5 34.Ng5 Qc7 35.Re2 Be7 36.e6 Bxg5 37.exf7+ Kxf7
38.Rxg5 Rxe2 39.Qxg6+ Ke7 40.Qh7+ Kd6 41.Rd5+  1-0

[Event "VI Moncada Open"]
[Site "Santiago de Cuba CUB"]
[Date "2009.05.22"]
[Round "6"]
[White "Gomez Garrido,C"]
[Black "Quezada,L"]
[Result "1-0"]
[WhiteElo "2454"]
[BlackElo "2331"]

1.e4 e5 2.Nf3 Nc6 3.Bb5 a6 4.Ba4 Nf6 5.O-O b5 6.Bb3 Bb7 7.Re1 Bd6 8.c3 O-O
9.d3 h6 10.Nh4 Na5 11.Nf5 Nxb3 12.axb3 Re8 13.Nxd6 cxd6 14.c4 Nh7 15.Nc3 Re6
16.f4 exf4 17.Bxf4 f5 18.Nd5 Nf6 19.exf5 Nxd5 20.cxd5 Rf6 21.Qg4 Qf8 22.Bd2 h5
23.Qxh5 Rxf5 24.Qg4 Bxd5 25.Rf1 Be6 26.Qg3 Qf6 27.Bc3 Qg5 28.Qxg5 Rxg5 29.b4 Bd5
30.g3 Rg6 31.Rf5 Bb7 32.Raf1 Re8 33.R1f4 Bc6 34.Kf2 Rge6 35.Rf7 R6e7 36.Rxe7 Rxe7
37.h4 Rf7 38.Ke3 Re7+ 39.Kf2 Rf7 40.Rxf7 Kxf7 41.Ke3 Bg2 42.g4 Bh3 43.Kf4 Bf1
44.d4 Bd3 45.Kg5 Be2 46.Bd2 Bd3 47.Bf4 Ke6 48.h5 Be4 49.Bd2 Kf7 50.Kf4 Bc2
51.Be1 Ke6 52.Bc3 Bd1 53.Kg5 Bc2 54.Kh4 Be4 55.g5 Kf7 56.g6+ Ke7 57.Kg5 Kf8
58.Bd2 Kg8 59.Bf4 d5 60.Be5 Bf3 61.Bxg7 Kxg7 62.h6+ Kg8 63.Kf6 Bg4 64.h7+ Kh8
65.Kg5  1-0

[Event "ch-UKR w"]
[Site "Evpatoria UKR"]
[Date "2009.05.28"]
[Round "6"]
[White "Aslanian,L"]
[Black "Huda,Mary"]
[Result "1/2-1/2"]
[WhiteElo "2145"]
[BlackElo "2247"]

1.e4 e5 2.Nf3 Nc6 3.Bb5 a6 4.Ba4 Nf6 5.O-O b5 6.Bb3 Bb7 7.d3 Bc5 8.a4 O-O
9.Nc3 Na5 10.axb5 Nxb3 11.cxb3 axb5 12.Rxa8 Qxa8 13.Nxb5 Qa5 14.Nc3 d5 15.Nxe5 dxe4
16.Nc4 Qa8 17.dxe4 Rd8 18.Qf3 Nxe4 19.Nxe4 Bxe4 20.Qg3 Bf8 21.Be3 Rd3 22.Rc1 c5
23.f3 Bg6 24.Qf2 Qd5 25.Nd2 Qe5 26.Nc4 Qd5 27.Nd2 Qe5 28.Nc4 Qd5 29.Nd2 Qe5  1/2-1/2

[Event "Doroshkevicha Mem"]
[Site "Belorechensk RUS"]
[Date "2009.05.30"]
[Round "8"]
[White "Skorchenko,D"]
[Black "Lastin,A"]
[Result "0-1"]
[WhiteElo "2492"]
[BlackElo "2650"]

1.e4 e5 2.Nf3 Nc6 3.Bb5 a6 4.Ba4 Nf6 5.O-O b5 6.Bb3 Bb7 7.c3 Nxe4 8.d4 exd4
9.Re1 d5 10.Ng5 Qd7 11.Rxe4+ dxe4 12.Bxf7+ Ke7 13.Be6 Qd6 14.Qh5 g6 15.Qh4 h6
16.Bf4 Ne5 17.Nxe4+ g5 18.Bxg5+ hxg5 19.Qxg5+ Kxe6 20.Qf6+ Kd7 21.Nxd6 Bxd6
22.cxd4 Raf8 23.Qg7+ Nf7 24.g3 Rhg8 25.Qh7 Kc8 26.Nc3 Ng5 27.Qh5 b4 28.Na4 Nf3+
29.Kf1 Rh8 30.Qg4+ Kb8 31.Ke2 Rhg8 32.Qh5 Rh8 33.Qg4 Rfg8 34.Qd7 Bc6  0-1

[Event "Open"]
[Site "Brescia ITA"]
[Date "2009.06.09"]
[Round "4"]
[White "Rombaldoni,Ax"]
[Black "Lenic,L"]
[Result "1/2-1/2"]
[WhiteElo "2363"]
[BlackElo "2574"]

1.e4 e5 2.Nf3 Nc6 3.Bb5 a6 4.Ba4 Nf6 5.O-O b5 6.Bb3 Bb7 7.d4 Nxd4 8.Nxd4 exd4
9.e5 Ne4 10.f3 Nc5 11.Qxd4 Nxb3 12.axb3 Qe7 13.Be3 d6 14.exd6 Qxd6 15.Nc3 Qxd4
16.Bxd4 O-O-O 17.Rfd1 f6 18.Bf2 Bd6 19.Ne2 Rhe8 20.Nd4 g6 21.Re1 Be5 22.c3 c5
23.Nc2 Bd6 24.Rxe8 Rxe8 25.Re1 Rxe1+ 26.Nxe1 Kd7 27.Nd3 Kc6 28.b4 cxb4 29.Nxb4+ Kd7
30.Bd4 a5 31.Nd3 Be7 32.Nc5+ Kc6 33.Nxb7 Kxb7 34.Kf2 Kc6 35.Ke2 Kd5 36.Kd3 Bd6
37.h3 Be5 38.Bb6 a4 39.Ba5 Bf4 40.Bd8 f5 41.Be7 Bc1 42.Kc2 Be3 43.Kd3 Bc5
44.Bf6 Bd6 45.Bg7 Bg3 46.Bf6 Bd6 47.Bg7 Be5 48.Bf8 Bf6 49.Bb4 Be5 50.Bf8 Bb8
51.Bg7 Ba7 52.Bf6 Bc5 53.Bh8 b4 54.cxb4 Bxb4 55.Bf6  1/2-1/2

[Event "XLIV Capablanca Memorial Open"]
[Site "Havana CUB"]
[Date "2009.06.16"]
[Round "8"]
[White "Blanco,H"]
[Black "Leyva Rivera,Y"]
[Result "0-1"]
[WhiteElo "2440"]
[BlackElo "2392"]

1.e4 e5 2.Nf3 Nc6 3.Bb5 a6 4.Ba4 Nf6 5.O-O b5 6.Bb3 Bb7 7.Re1 Bc5 8.c3 d6
9.d4 Bb6 10.a4 O-O 11.Bg5 h6 12.Bxf6 Qxf6 13.Bd5 Rab8 14.axb5 axb5 15.Na3 exd4
16.Bxc6 Bxc6 17.Nxd4 Bd7 18.Nac2 Rfe8 19.Nb4 Be6 20.Nbc6 Ra8 21.Rxa8 Rxa8
22.Qd2 Bd7 23.Nb4 Bxd4 24.cxd4 c6 25.Rc1 Qe7 26.f3 Rc8 27.h3 Qd8 28.Qf4 c5
29.Nd3 Be8 30.Kh1 c4 31.Nb4 Ra8 32.d5 Ra4 33.Nc2 Qg5 34.Qxg5 hxg5 35.Nd4 Ra2
36.b3 Rd2 37.Nf5 cxb3 38.Rb1 Bd7 39.Ne3 Rd3 40.Nd1 b4 41.Kg1 Bb5 42.Nf2 Rc3
43.Nd1 Rd3 44.Nf2 Re3 45.Nd1 Re2 46.Rxb3 Re1+ 47.Kh2 Rxd1 48.Rxb4 Bf1 49.Rb8+ Kh7
50.Kg1 f5 51.Rd8 fxe4 52.fxe4 Bd3+ 53.Kf2 Bxe4 54.Rxd6 Rd2+  0-1

[Event "Open"]
[Site "Pula CRO"]
[Date "2009.07.02"]
[Round "7"]
[White "Bebchuk,L"]
[Black "Dietmayer Kraeutler,M"]
[Result "1-0"]
[WhiteElo "2145"]
[BlackElo "2302"]

1.e4 e5 2.Nf3 Nc6 3.Bb5 a6 4.Ba4 Nf6 5.O-O b5 6.Bb3 Bb7 7.d3 Be7 8.Nc3 d6
9.a4 Nd4 10.Nxd4 exd4 11.Ne2 c5 12.Ng3 g6 13.Bh6 Bf8 14.Qd2 Bxh6 15.Qxh6 Ng4
16.Qf4 Ne5 17.axb5 axb5 18.Rxa8 Bxa8 19.Qh6 Bc6 20.Bd5 Kd7 21.h3 Kc7 22.Ra1 Kb7
23.f4 Bxd5 24.exd5 Nd7 25.Ne4 Nb6 26.Qg7 Rf8 27.b4 Nxd5 28.bxc5 Nxf4 29.Nxd6+ Kc6
30.Ra6+ Kd5 31.Ne4 Ne6 32.Qh6 Qe7 33.Qd2 f5 34.Qe2 fxe4 35.Qxe4+ Kxc5 36.Rc6+ Kb4
37.c3+ Ka5 38.Rxe6 Qc5 39.c4 Rf5 40.g4 Kb4 41.gxf5 gxf5 42.Qd5 Qa7 43.cxb5 Kc3
44.Qc4+ Kd2 45.Kf2  1-0

[Event "37th Greek Teams"]
[Site "Kallithea GRE"]
[Date "2009.07.07"]
[Round "7"]
[White "Homatidis,P"]
[Black "Papadogiannis,S"]
[Result "1-0"]
[WhiteElo "2123"]
[BlackElo "1937"]

1.e4 e5 2.Nf3 Nc6 3.Bb5 a6 4.Ba4 Nf6 5.O-O b5 6.Bb3 Bb7 7.Re1 Bc5 8.c3 d6
9.d3 O-O 10.Be3 Qd7 11.Nbd2 Rfe8 12.Bg5 Nh5 13.Nf1 h6 14.Be3 Nf4 15.d4 Bb6
16.Nh4 Na5 17.Bc2 Ng6 18.Nxg6 fxg6 19.dxe5 Bxe3 20.Nxe3 Rxe5 21.f4 Rxe4 22.Bxe4 Bxe4
23.b4 Nb7 24.Nd5 Re8 25.Qd4 c5 26.Qd2 Kh7 27.Rad1 c4 28.Qe2 g5 29.fxg5 Bg6
30.Qd2  1-0

[Event "Open"]
[Site "Rethymno GRE"]
[Date "2009.07.15"]
[Round "5"]
[White "Arun,Ka"]
[Black "Kryvoruchko,Y"]
[Result "1/2-1/2"]
[WhiteElo "2291"]
[BlackElo "2611"]

1.e4 e5 2.Nf3 Nc6 3.Bb5 a6 4.Ba4 Nf6 5.O-O b5 6.Bb3 Bb7 7.Re1 Bc5 8.c3 O-O
9.d4 Bb6 10.Bg5 h6 11.Bh4 d6 12.dxe5 Nxe5 13.Bc2 Ng6 14.Bg3 Nh5 15.a4 Nxg3
16.hxg3 Qf6 17.Qe2 Ne5 18.Nxe5 Qxe5 19.Kh2 Bc6 20.Nd2 Qf6 21.Nf3 Rae8 22.axb5 axb5
23.Bd3 Bxe4 24.Bxe4 d5 25.Bh7+ Kxh7 26.Qxb5 Rxe1 27.Rxe1 Bxf2 28.Re2 Bb6
29.Qxd5 Rd8 30.Qe4+ g6 31.Qf4 Kg7 32.Qxf6+ Kxf6 33.g4 Rd3 34.Kg3 Bc5 35.Re4 Rd1
36.Re2 Rf1 37.Kf4 Rd1 38.b4 Bd6+ 39.Ke4 Ke7 40.Re1 Rxe1+ 41.Nxe1 Ke6 42.Nd3 Bh2  1/2-1/2

[Event "2nd Open"]
[Site "Paleohora GRE"]
[Date "2009.07.21"]
[Round "1"]
[White "Kryvoruchko,Y"]
[Black "Sandalakis,N"]
[Result "1-0"]
[WhiteElo "2611"]
[BlackElo "1892"]

1.e4 e5 2.Nf3 Nc6 3.Bb5 a6 4.Ba4 Nf6 5.O-O b5 6.Bb3 Bb7 7.d3 Be7 8.Nc3 d6
9.a3 O-O 10.Re1 Na5 11.Ba2 c5 12.Bg5 Rc8 13.Qd2 Nc6 14.Bxf6 Bxf6 15.Nd5 Nd4
16.Qd1 Bxd5 17.Bxd5 Ne6 18.g3 g6 19.h4 Nc7 20.Ba2 Qd7 21.Kg2 Qg4 22.Qd2 h5
23.c3 Kg7 24.Rad1 Rcd8 25.Qe3 Qc8 26.Nd2 Ne6 27.Nf1 a5 28.Qf3 a4 29.Ne3 Nc7
30.Rh1 Rh8 31.Rdf1 Rdf8 32.Qe2 Qd8 33.f3 Qb8 34.Qf2 Qe8 35.Rh2 Qd7 36.Kh1 Be7
37.f4 f6 38.Qe2 b4 39.Bc4 bxa3 40.bxa3 Nb5 41.Qb2 Rb8 42.Qc1 Nc7 43.Kg1 Rb6
44.f5 g5 45.hxg5 fxg5 46.Qd1 Qe8 47.Rff2 Bf6 48.Rb2 Rxb2 49.Rxb2 h4 50.Rb7 Qc6
51.Qb1  1-0

[Event "ch-Euro Senior"]
[Site "Rogaska Slatina SLO"]
[Date "2009.07.22"]
[Round "1"]
[White "Tseshkovsky,V"]
[Black "Svensson,L"]
[Result "1-0"]
[WhiteElo "2573"]
[BlackElo "2165"]

1.e4 e5 2.Nf3 Nc6 3.Bb5 a6 4.Ba4 Nf6 5.O-O b5 6.Bb3 Bb7 7.d3 Bc5 8.Nc3 d6
9.a3 h6 10.Ne2 O-O 11.Ng3 d5 12.exd5 Nxd5 13.Ne4 Bb6 14.Bxh6 Nd4 15.Nxd4 gxh6
16.Qg4+ Kh8 17.Qh5  1-0

[Event "Czech Open A"]
[Site "Pardubice CZE"]
[Date "2009.07.25"]
[Round "2"]
[White "Tvarijonas,P"]
[Black "Potapov,Alexa1"]
[Result "1/2-1/2"]
[WhiteElo "2304"]
[BlackElo "2461"]

1.e4 e5 2.Nf3 Nc6 3.Bb5 a6 4.Ba4 Nf6 5.O-O b5 6.Bb3 Bb7 7.d3 Be7 8.Nc3 O-O
9.a4 b4 10.Nd5 Na5 11.Nxe7+ Qxe7 12.Ba2 c5 13.Bg5 h6 14.Bh4 d6 15.Qe2 Rab8
16.Nd2 g5 17.Bg3 Bc8 18.Nc4 Nxc4 19.Bxc4 a5 20.c3 Be6 21.Bb5 Bb3 22.d4 exd4
23.cxd4 c4 24.Rfe1 Rbc8 25.e5 dxe5 26.Bxe5 Nd5 27.Qf3 Qb7 28.h4 f6 29.Bd6 Rf7
30.hxg5 hxg5 31.Qf5 Kg7 32.Be8 Rd8 33.Re6 c3 34.bxc3 Nf4 35.d5 Qxd5 36.Qxd5 Bxd5
37.Bxf7 Bxe6 38.Bxf4 Kxf7 39.Bc7 Rc8 40.Bxa5 b3 41.Bb4 Bf5 42.Ba3 Rxc3 43.a5 Bd3
44.Rc1 Bc2 45.Bb2 Rc6 46.f3 Ke6 47.Ra1 Ra6 48.Kf2 Kd5 49.g4 Kc4 50.Ke3 Kb4
51.Kd4 Bg6 52.Bc3+ Kb5 53.Bb2 Bf7 54.Ke3 Bc4 55.Ke4 Be2 56.Re1 Bc4 57.Rg1 Bg8
58.f4 Bh7+ 59.f5 Bg8 60.Ke3 Bc4 61.Rd1 Kb4 62.Rd8 Kxa5 63.Kd4 Rc6 64.Rb8 Ka6
65.Kc3 Ka5 66.Kd4 Ka6 67.Kc3 Be2+ 68.Kxb3 Bxg4 69.Rf8 Bxf5 70.Rxf6 Be6+ 71.Ka3 Kb5
72.Be5 Kc4 73.Rg6 g4 74.Rg7 Ra6+ 75.Kb2 Kd3 76.Bc7 Ra2+ 77.Kb1 Re2 78.Rg5 Rf2
79.Bb6 Rg2 80.Bc7 Ba2+ 81.Ka1 Bc4 82.Kb1 Ba2+ 83.Ka1 Be6 84.Kb1 Rf2 85.Bb6 Rf4
86.Ba5 Bf5 87.Kb2 Kc4 88.Bc7 Rf2+ 89.Ka3 Rf3+ 90.Ka4 Kc5 91.Bb8 Kc6 92.Kb4 Kd5
93.Bc7 Ke6 94.Rg8 Kf7 95.Rg5 Be6 96.Be5 Bf5 97.Bc7 Kf6 98.Bd8+ Ke6 99.Bc7 Rd3
100.Kc4 Rd7 101.Bf4 Kf6 102.Rh5 Rd1 103.Rh8 Be6+ 104.Kc5 Rd5+ 105.Kc6 Rd3
106.Rh6+ Kf5 107.Bd6 g3 108.Rh5+ Kg6 109.Re5 Bg4 110.Be7 Bf3+ 111.Kb5 Kf7
112.Bc5 Kf6 113.Re3 g2  1/2-1/2

[Event "2nd Open"]
[Site "Paleohora GRE"]
[Date "2009.07.26"]
[Round "7"]
[White "Hunt,A"]
[Black "Kalaitzoglou,P"]
[Result "1-0"]
[WhiteElo "2428"]
[BlackElo "2199"]

1.e4 e5 2.Nf3 Nc6 3.Bb5 a6 4.Ba4 Nf6 5.O-O b5 6.Bb3 Bb7 7.c3 Nxe4 8.d4 Na5
9.Bc2 exd4 10.Nxd4 c5 11.Nf5 d5 12.Nd2 g6 13.Ng3 Nd6 14.Nf3 Bg7 15.Re1+ Kf8
16.Bg5 f6 17.Be3 Rc8 18.b4 cxb4 19.cxb4 Nac4 20.Bc5 Kf7 21.h4 Re8 22.h5 Ne4
23.Bd4 Qd6 24.Nh4 Qf4 25.hxg6+ hxg6 26.Nxg6 Qg5 27.Ne2 Kxg6 28.f3 Kf7 29.fxe4 dxe4
30.Bf2 Ne3 31.Qd7+ Kg6 32.Nf4+ Qxf4 33.Bxe3 Re5 34.Bb3  1-0

[Event "ch-Euro Senior"]
[Site "Rogaska Slatina SLO"]
[Date "2009.07.27"]
[Round "6"]
[White "Sorokin,Valen"]
[Black "Svensson,L"]
[Result "1-0"]
[WhiteElo "2319"]
[BlackElo "2165"]

1.e4 e5 2.Nf3 Nc6 3.Bb5 a6 4.Ba4 Nf6 5.O-O b5 6.Bb3 Bb7 7.d3 Bc5 8.Nc3 d6
9.a3 O-O 10.Ne2 Bc8 11.Ng3 Bg4 12.c3 Qd7 13.Bg5 Nh5 14.Nf5 Bxf5 15.exf5 h6
16.Bxh6 gxh6 17.Nxe5 dxe5 18.Qxh5 Qd6 19.Rae1 Rad8 20.Re4 Qf6 21.Rg4+ Kh7
22.Bxf7 Ne7 23.Bg6+ Kg7 24.Rg3 Rh8 25.Re1 Kf8 26.d4 Bd6 27.Rge3 exd4 28.cxd4 Nd5
29.Re4 Qg5 30.Qf3 Nf6 31.Qb3 Rd7 32.h4 Qd2 33.Re6 Kg7 34.h5 Qf4 35.Rxf6  1-0

[Event "ch-Africa"]
[Site "Tripoli LBA"]
[Date "2009.07.28"]
[Round "7"]
[White "Ranaivoharisoa,A"]
[Black "Kaabi,M"]
[Result "1-0"]
[WhiteElo "2083"]
[BlackElo "2313"]

1.e4 e5 2.Nf3 Nc6 3.Bb5 a6 4.Ba4 Nf6 5.O-O b5 6.Bb3 Bb7 7.Re1 Bc5 8.c3 d6
9.d4 Bb6 10.a4 O-O 11.d5 Ne7 12.c4 b4 13.a5 Bc5 14.Nbd2 Ng6 15.Nf1 Bc8 16.h3 h6
17.Bc2 Re8 18.Ng3 Nf4 19.Bxf4 exf4 20.Nf1 Nd7 21.Ba4 Qf6 22.Bc6 Rb8 23.N1d2 Ba7
24.e5 Rxe5 25.Nxe5 Nxe5 26.Nf3 Nxc6 27.Re8+ Kh7 28.dxc6 Qxb2 29.Qb1+ Qxb1+
30.Rxb1 b3 31.Rb2 Kg6 32.Nd2 f5 33.Rxb3 Ra8 34.Rb1 Bd4 35.Re7 Bf6 36.Rxc7 Bd8
37.Rbb7 Bxc7 38.Rxc7 Be6 39.Kf1 Kf6 40.Ke2 Rc8 41.Rxc8 Bxc8 42.Kd3 g5 43.Kd4 Ke6
44.Nb1 Ke7 45.Nc3 f3 46.g3 f4 47.gxf4 Bxh3 48.fxg5 hxg5 49.Ke3 g4 50.Kf4 Kd8
51.Nd5 Kc8 52.Kg3 Kb8 53.Nb4 Kc7 54.Kf4 Bf1 55.Kxg4 Bxc4 56.Kxf3 d5 57.Ke3 Kd6
58.Kd4 Be2 59.f4 Bg4 60.Nxa6 Kxc6 61.Nb4+ Kb5 62.a6 Kb6 63.Kxd5 Bc8 64.Ke5 Bg4
65.f5 Bh5 66.f6 Kc7 67.Ke6 Kb6 68.f7 Bxf7+ 69.Kxf7 Kc7 70.Ke7 Kb6 71.Kd7 Ka7
72.Kc8 Ka8 73.Nd5 Ka7 74.Nc7  1-0

[Event "ZMD Open"]
[Site "Dresden GER"]
[Date "2009.07.29"]
[Round "5"]
[White "Tammert,R"]
[Black "Liebscher,H"]
[Result "0-1"]
[WhiteElo "1973"]
[BlackElo "2102"]

1.e4 e5 2.Nf3 Nc6 3.Bb5 a6 4.Ba4 Nf6 5.O-O b5 6.Bb3 Bb7 7.Ng5 d5 8.exd5 Na5
9.d6 Nxb3 10.axb3 Bxd6 11.d3 h6 12.Nf3 Qd7 13.h3 O-O-O 14.Be3 g5 15.Ne1 g4
16.b4 Nh5 17.c4 f5 18.cxb5 axb5 19.Nc3 f4 20.Nxb5 fxe3 21.Nxd6+ cxd6 22.fxe3 Rhf8
23.Rxf8 Rxf8 24.e4 d5 25.Qc1+ Qc6 26.Qe3 Nf4 27.Kh2 d4 28.Qd2 Kd7 29.g3 Nxh3
30.Ng2 Rf2  0-1

[Event "ZMD Open"]
[Site "Dresden GER"]
[Date "2009.07.31"]
[Round "7"]
[White "Baklan,V"]
[Black "Ovsejevitsch,S"]
[Result "1/2-1/2"]
[WhiteElo "2639"]
[BlackElo "2583"]

1.e4 e5 2.Nf3 Nc6 3.Bb5 a6 4.Ba4 Nf6 5.O-O b5 6.Bb3 Bb7 7.d3 Be7 8.Nc3 d6
9.Bd2 Na5 10.Bd5 Nxd5 11.Nxd5 Nc6 12.a4 O-O 13.axb5 axb5 14.Rxa8 Bxa8 15.c3 Qb8
16.Qb3 Bd8 17.Bg5 h6 18.Bxd8 Nxd8 19.c4 c6 20.Ne7+  1/2-1/2

[Event "110th US Open"]
[Site "Indianapolis USA"]
[Date "2009.08.02"]
[Round "2"]
[White "Pinkerton,J"]
[Black "Aaron,D"]
[Result "0-1"]
[WhiteElo "2046"]
[BlackElo "2110"]


1.e4 e5 2.Nf3 Nc6 3.Bb5 a6 4.Ba4 Nf6 5.O-O b5 6.Bb3 Bb7 7.Re1 Bc5 8.c3 d6
9.d4 Bb6 10.Bc2 Qd7 11.Be3 Ng4 12.Bg5 h6 13.Bh4 Nf6 14.a4 O-O-O 15.axb5 axb5
16.Na3 exd4 17.cxd4 g5 18.Bg3 h5 19.d5 h4 20.dxc6 Bxc6 21.Bxd6 cxd6 22.Nd4 g4
23.e5 dxe5 24.Bf5 Qxf5 25.Nxf5 Rxd1 26.Raxd1 g3 27.hxg3 hxg3 28.Nxg3 Ng4
29.Re2 Rh2 30.Rc1 Rxg2+ 31.Kf1 Nh2+ 32.Ke1 Rg1+ 33.Kd2 Nf3+ 34.Kc2 Nd4+  0-1

[Event "Arctic Chess Challenge"]
[Site "Tromso NOR"]
[Date "2009.08.03"]
[Round "3"]
[White "Zdebskaja,N"]
[Black "Prakken,G"]
[Result "1-0"]
[WhiteElo "2412"]
[BlackElo "2168"]

1.e4 e5 2.Nf3 Nc6 3.Bb5 a6 4.Ba4 Nf6 5.O-O b5 6.Bb3 Bb7 7.c3 Nxe4 8.d4 Na5
9.Nxe5 Nxb3 10.Qxb3 Nd6 11.Re1 Be7 12.a4 O-O 13.Na3 Rb8 14.axb5 axb5 15.Nc2 Kh8
16.Bf4 f6 17.Nd3 Re8 18.Nc5 Bf8 19.Nb4 Ba8 20.Nd5 Bxd5 21.Qxd5 c6 22.Qh5 Kg8
23.Rxe8 Qxe8 24.Qxe8 Rxe8 25.Nxd7 Nc4 26.Nxf8 Kxf8 27.b3 Na5 28.Kf1 Nb7 29.Ra7 Nd8
30.Bd6+ Kg8 31.Rc7 Re6 32.Be7  1-0